El monstruo perfecto /
Muchas veces en la vida de las personas ocurren acontecimientos extraños que son difíciles de explicar. A veces, los sueños tienen un significado que al principio se presenta confuso, pero en el devenir de los hechos, comienza a aclararse. Fernando, el protagonista de esta historia, viaja a Córdoba...
Guardado en:
| Autor Principal: | |
|---|---|
| Formato: | Libro |
| Idioma: | Undetermined |
| Publicado: |
Buenos Aires :
Edelvives,
2019.
|
| Edición: | 1a ed. 3a reimp. |
| Series: | Alandar ;
4 |
| Materias: | |
| Etiquetas: |
Agregar Etiqueta
Sin Etiquetas, Sea el primero en etiquetar este registro!
|
| LEADER | 01211nam a22002175a 4500 | ||
|---|---|---|---|
| 001 | CEM.cems020899 | ||
| 008 | 240312s2019####ag############000#0#und#d | ||
| 005 | 20240312144037.0 | ||
| 245 | 1 | 0 | |a El monstruo perfecto / |c Franco Vaccarini. |
| 250 | |a 1a ed. 3a reimp. | ||
| 260 | |a Buenos Aires : |b Edelvives, |c 2019. | ||
| 300 | |a 80 p. | ||
| 490 | 1 | |a Alandar ; |v 4 | |
| 520 | |a Muchas veces en la vida de las personas ocurren acontecimientos extraños que son difíciles de explicar. A veces, los sueños tienen un significado que al principio se presenta confuso, pero en el devenir de los hechos, comienza a aclararse. Fernando, el protagonista de esta historia, viaja a Córdoba para descubrir qué significan sus sueños, que lo perturban desde hace tiempo. Además, necesita explicarse qué sucedió con su tío Wilton, que ha desaparecido, sin embargo, en sus pesadillas está cada vez más presente. | ||
| 020 | |a 9789871348954 | ||
| 100 | 1 | |a Vaccarini, Franco. | |
| 653 | |a Literatura juvenil | ||
| 653 | |a Novela juvenil | ||
| 653 | |a Literatura argentina | ||
| 859 | |a CEMS |b BIB. CEMS - Inicial y Primaria |h A863.4 |i V132-6 |k IP |p 6737 |t Ej. 1 | ||
| 859 | |a CEMS |b BIB. CEMS - Inicial y Primaria |h A863.4 |i V132-6 |k IP |p 6742 |t Ej.2 | ||
